Luật viên chức
Enregistré dans:
| Collectivités auteurs: | , |
|---|---|
| Format: | Livre |
| Langue: | Undetermined |
| Publié: |
Hà Nội
Chính trị Quốc gia
2012
|
| Sujets: | |
| Tags: |
Ajouter un tag
Pas de tags, Soyez le premier à ajouter un tag!
|
| Thư viện lưu trữ: | Trung tâm Học liệu Trường Đại học Cần Thơ |
|---|
| LEADER | 00705nam a2200217Ia 4500 | ||
|---|---|---|---|
| 001 | CTU_173845 | ||
| 008 | 210402s9999 xx 000 0 und d | ||
| 020 | |c 12000 | ||
| 082 | |a 342.597 | ||
| 082 | |b V308 | ||
| 110 | |a Việt Nam (Cộng hoà Xã hội Chủ nghĩa) | ||
| 110 | |b Quốc hội | ||
| 245 | 0 | |a Luật viên chức | |
| 245 | 0 | |c Việt Nam (Cộng hoà Xã hội Chủ nghĩa). Quốc hội | |
| 260 | |a Hà Nội | ||
| 260 | |b Chính trị Quốc gia | ||
| 260 | |c 2012 | ||
| 650 | |a Pháp luật,Law | ||
| 650 | |z Việt Nam,Vietnam | ||
| 904 | |i Nguyễn Trung Hiếu, Hải | ||
| 980 | |a Trung tâm Học liệu Trường Đại học Cần Thơ | ||